Breves consideraciones acerca de la figura del organizador de espectáculo deportivo en el derecho argentino y disposiciones en el ámbito federativo / (Registro nro. 6326)
[ vista simple ]
| 000 -LEADER | |
|---|---|
| fixed length control field | 01653nab a22002537a 4500 |
| 003 - CONTROL NUMBER IDENTIFIER | |
| control field | OSt |
| 005 - DATE AND TIME OF LATEST TRANSACTION | |
| control field | 20260130203711.0 |
| 008 - FIXED-LENGTH DATA ELEMENTS--GENERAL INFORMATION | |
| fixed length control field | 190603e xxum|||| |||| 00| 0 spa d |
| 040 ## - CATALOGING SOURCE | |
| Transcribing agency | PJ |
| 100 ## - MAIN ENTRY--PERSONAL NAME | |
| 9 (RLIN) | 6998 |
| Personal name | García, Carlos Adolfo |
| 245 10 - TITLE STATEMENT | |
| Title | Breves consideraciones acerca de la figura del organizador de espectáculo deportivo en el derecho argentino y disposiciones en el ámbito federativo / |
| Statement of responsibility, etc | Carlos Adolfo García. |
| 260 ## - PUBLICATION, DISTRIBUTION, ETC. (IMPRINT) | |
| Date of publication, distribution, etc | Ciudad Autónoma de Buenos Aires : |
| Place of publication, distribution, etc | Thomson Reuters La Ley, |
| Name of publisher, distributor, etc | 2025. |
| 300 ## - PHYSICAL DESCRIPTION | |
| Extent | p. 11-19 |
| 500 ## - GENERAL NOTE | |
| General note | Cita: TR LALEY AR/DOC/2276/2025 <br/>Publicado en: RCCyC 2025 (Octubre). |
| 505 ## - FORMATTED CONTENTS NOTE | |
| Formatted contents note | Sumario: I. Palabras iniciales.— II. La responsabilidad civil deportiva en el Cód. Civ. y Com.— III. El término "organizador" en los eventos y/o espectáculos deportivos en el marco del ordenamiento jurídico argentino.— IV. La responsabilidad del organizador conforme a la ley nacional 24.192 con especial atención al rol de las asociaciones de clubes y ligas locales y/o regionales.— V. La responsabilidad de los clubes y las federaciones miembro en la organización de eventos deportivos en el ámbito del fútbol.— VI. Palabras finales. |
| 505 ## - FORMATTED CONTENTS NOTE | |
| Title | ¿Te interesa el texto completo? Solicitalo al correo: koha@justierradelfuego.gov.ar |
| 650 #0 - SUBJECT ADDED ENTRY--TOPICAL TERM | |
| 9 (RLIN) | 1497 |
| Topical term or geographic name as entry element | CODIGO CIVIL Y COMERCIAL |
| 650 #0 - SUBJECT ADDED ENTRY--TOPICAL TERM | |
| 9 (RLIN) | 1467 |
| Topical term or geographic name as entry element | RESPONSABILIDAD CIVIL |
| 650 #0 - SUBJECT ADDED ENTRY--TOPICAL TERM | |
| 9 (RLIN) | 2823 |
| Topical term or geographic name as entry element | DAÑOS Y PERJUICIOS |
| 650 #0 - SUBJECT ADDED ENTRY--TOPICAL TERM | |
| 9 (RLIN) | 3725 |
| Topical term or geographic name as entry element | DEPORTES |
| 650 #0 - SUBJECT ADDED ENTRY--TOPICAL TERM | |
| Topical term or geographic name as entry element | ESPECTACULO DEPORTIVO |
| 773 0# - HOST ITEM ENTRY | |
| Host Biblionumber | 2713 |
| Host Itemnumber | 3170 |
| Place, publisher, and date of publication | Ciudad Autónoma de Buenos Aires : Thomson Reuters La Ley, 2015- |
| Title | Revista Código Civil y Comercial. Nº 5 - Octubre 2025 |
| 942 ## - ADDED ENTRY ELEMENTS (KOHA) | |
| Source of classification or shelving scheme | |
| Koha item type | Analítica Artículo de Revista |
No hay ítems disponibles.
